MARC details
| 000 -CABECERA |
| campo de control de longitud fija |
01956nam a2200325 u 4500 |
| 001 - NÚMERO DE CONTROL |
| campo de control |
000002027 |
| 003 - IDENTIFICADOR DEL NÚMERO DE CONTROL |
| campo de control |
DO-SdBNP |
| 005 - FECHA Y HORA DE LA ÚLTIMA TRANSACCIÓN |
| campo de control |
20240408134827.0 |
| 007 - CAMPO FIJO DE DESCRIPCIÓN FÍSICA--INFORMACIÓN GENERAL |
| campo de control de longitud fija |
ta |
| 008 - DATOS DE LONGITUD FIJA--INFORMACIÓN GENERAL |
| campo de control de longitud fija |
090630s2007 dr abc r 000 0 spa d |
| 020 ## - NÚMERO INTERNACIONAL ESTÁNDAR DEL LIBRO |
| Número Internacional Estándar del Libro |
9789993439479 |
| 040 ## - FUENTE DE LA CATALOGACIÓN |
| Centro catalogador/agencia de origen |
DO-SdBNP |
| Lengua de catalogación |
spa |
| Centro/agencia transcriptor |
BNPHU |
| 082 #4 - NÚMERO DE LA CLASIFICACIÓN DECIMAL DEWEY |
| Número de clasificación |
972.9384 |
| Número de documento/Ítem |
C355s |
| Número de edición |
22 |
| 100 1# - ENTRADA PRINCIPAL--NOMBRE DE PERSONA |
| Nombre de persona |
Castro Cotes, Norman Augusto de, |
| Fechas asociadas al nombre |
1933- |
| 9 (RLIN) |
6545 |
| 245 10 - MENCIÓN DE TÍTULO |
| Título |
Santa Cruz del Seibo : |
| Resto del título |
apuntes para la historia / |
| Mención de responsabilidad, etc. |
Norman de Castro. |
| 260 ## - PUBLICACIÓN, DISTRIBUCIÓN, ETC. |
| Lugar de publicación, distribución, etc. |
Santo Domingo : |
| Nombre del editor, distribuidor, etc. |
Librería La Trinitaria, |
| Fecha de publicación, distribución, etc. |
2007. |
| 300 ## - DESCRIPCIÓN FÍSICA |
| Extensión |
201 p. : |
| Otras características físicas |
il., mapa., retr. ; |
| Dimensiones |
23 cm. |
| 500 ## - NOTA GENERAL |
| Nota general |
Incluye datos biográficos del autor e la solapas |
| 500 ## - NOTA GENERAL |
| Nota general |
Incluye referencias bibliográficas y notas al pie de las páginas |
| 504 ## - NOTA DE BIBLIOGRAFÍA, ETC. |
| Nota de bibliografía, etc. |
Bibliografía : p. 199-201 |
| 505 ## - NOTA DE CONTENIDO CON FORMATO |
| Nota de contenido con formato |
Agradecimientos -- Advertencia -- A manera de prólogo -- Sobre el nombre de la villa -- Sobre la fecha de su fundación -- De los caciques de Higüey -- Guerras del cacicazgo de Higüey -- Concesión de armas y blasones -- Datos del arzobispo Domingo Fernández de Navarrete -- Fundación de El Seibo y algunas noticias sobre su iglesia (conferencia) -- Despoblación y segundo asentamiento -- Destrucción por terremoto y tercer asentamiento -- El Seibo y los seibanos en la historia -- Hitos y tradiciones seibanas -- Tres sonetos de Emilio A. Morel -- Historia de la división territorial de la provincia de El Seibo y demás provincias y poblaciones de la región oriental -- Epílogo -- Bibliografía consultada. |
| 590 ## - NOTA LOCAL (RLIN) |
| Nota local |
Inventariado, 2021/MFF |
| 600 #0 - PUNTO DE ACCESO ADICIONAL DE MATERIA--NOMBRE DE PERSONA |
| Nombre de persona |
Santana, Pedro. |
| Fechas asociadas al nombre |
1801-1864 |
| 9 (RLIN) |
6546 |
| 650 #4 - PUNTO DE ACCESO ADICIONAL DE MATERIA--TÉRMINO DE MATERIA |
| Término de materia o nombre geográfico como elemento de entrada |
Santa Cruz del Seibo (República Dominicana) |
| Subdivisión general |
Historia |
| 9 (RLIN) |
6547 |
| 650 #4 - PUNTO DE ACCESO ADICIONAL DE MATERIA--TÉRMINO DE MATERIA |
| Término de materia o nombre geográfico como elemento de entrada |
Santa Cruz del Seibo (República Dominicana) |
| Subdivisión general |
Vida social y costumbres |
| 9 (RLIN) |
6548 |
| 650 #4 - PUNTO DE ACCESO ADICIONAL DE MATERIA--TÉRMINO DE MATERIA |
| Término de materia o nombre geográfico como elemento de entrada |
Ciudades y pueblos |
| Subdivisión general |
República Dominicana |
| 9 (RLIN) |
1095 |
| 651 #4 - PUNTO DE ACCESO ADICIONAL DE MATERIA--NOMBRE GEOGRÁFICO |
| Nombre geográfico |
República Dominicana |
| Subdivisión general |
Historia |
| Subdivisión cronológica |
1844-1861 |
| 9 (RLIN) |
6549 |
| 910 ## - DATOS DE OPCIÓN DEL USUARIO (OCLC) |
| Datos de opción del usuario |
Validado. Control de calidad MMOLINA |
| 942 ## - ELEMENTOS DE PUNTO DE ACCESO ADICIONAL (KOHA) |
| Fuente del sistema de clasificación o colocación |
Dewey Decimal Classification |
| Tipo de ítem Koha |
Libro |